<?xml version="1.0" encoding="UTF-8"?>
<record
    xmlns:xsi="http://www.w3.org/2001/XMLSchema-instance"
    xsi:schemaLocation="http://www.loc.gov/MARC21/slim http://www.loc.gov/standards/marcxml/schema/MARC21slim.xsd"
    xmlns="http://www.loc.gov/MARC21/slim">

  <leader>00881nam a22001337a 4500</leader>
  <datafield tag="040" ind1=" " ind2=" ">
    <subfield code="c">RUA</subfield>
  </datafield>
  <datafield tag="082" ind1=" " ind2=" ">
    <subfield code="a">AVM LAK 2010 B093 Or.1</subfield>
  </datafield>
  <datafield tag="100" ind1=" " ind2=" ">
    <subfield code="a">LAK, YOUSSEY.</subfield>
  </datafield>
  <datafield tag="245" ind1=" " ind2=" ">
    <subfield code="a">Study on growth rate of avian broiler by adding fresh earthworm and cabbage by product on C.P concentrate at the royal university of agriculture, &#x179F;&#x17B7;&#x1780;&#x17D2;&#x179F;&#x17B6;&#x1780;&#x17B6;&#x179A;&#x179B;&#x17BC;&#x178F;&#x179B;&#x17B6;&#x179F;&#x17CB;&#x179A;&#x1794;&#x179F;&#x17CB;&#x1798;&#x17B6;&#x1793;&#x17CB;&#x179F;&#x17B6;&#x1785;&#x17CB;&#x1796;&#x17BC;&#x1787;AVIAN&#x178A;&#x17C4;&#x1799;&#x1794;&#x1793;&#x17D2;&#x1790;&#x17C2;&#x1798;&#x1787;&#x1793;&#x17D2;&#x179B;&#x17C1;&#x1793;&#x1780;&#x17D2;&#x179A;&#x17A0;&#x1798; &#x1793;&#x17B7;&#x1784;&#x17A2;&#x1793;&#x17BB;&#x1795;&#x179B;&#x179F;&#x17D2;&#x1796;&#x17C3;&#x1780;&#x17D2;&#x178A;&#x17C4;&#x1794;&#x179F;&#x17D2;&#x179A;&#x179F;&#x17CB;&#x179B;&#x17BE;&#x1785;&#x17C6;&#x178E;&#x17B8;&#x1795;&#x17D2;&#x179F;&#x17C6;&#x1780;&#x17D2;&#x179A;&#x17BB;&#x1798;&#x17A0;&#x17CA;&#x17BB;&#x1793;&#x179F;&#x17CA;&#x17B8;.&#x1797;&#x17B8; &#x179F;&#x17B6;&#x1780;&#x179B;&#x179C;&#x17B7;&#x1791;&#x17D2;&#x1799;&#x17B6;&#x179B;&#x17D0;&#x1799;&#x1797;&#x17BC;&#x1798;&#x17B7;&#x1793;&#x17D2;&#x1791;&#x1780;&#x179F;&#x17B7;&#x1780;&#x1798;&#x17D2;&#x1798;</subfield>
  </datafield>
  <datafield tag="260" ind1=" " ind2=" ">
    <subfield code="a">Phnom Penh</subfield>
    <subfield code="b">RUA</subfield>
    <subfield code="c">2010</subfield>
  </datafield>
  <datafield tag="300" ind1=" " ind2=" ">
    <subfield code="a">xii; 41p.</subfield>
    <subfield code="b">ill.</subfield>
    <subfield code="c">29cm.</subfield>
  </datafield>
  <datafield tag="856" ind1=" " ind2=" ">
    <subfield code="u">https://drive.google.com/file/d/17BespamoF_lk4PLLbAuAzS1vA9r916NR/view?usp=sharing</subfield>
  </datafield>
  <datafield tag="942" ind1=" " ind2=" ">
    <subfield code="c">AVM</subfield>
  </datafield>
  <datafield tag="999" ind1=" " ind2=" ">
    <subfield code="c">2375</subfield>
    <subfield code="d">2375</subfield>
  </datafield>
  <datafield tag="952" ind1=" " ind2=" ">
    <subfield code="0">0</subfield>
    <subfield code="1">0</subfield>
    <subfield code="2">ddc</subfield>
    <subfield code="4">0</subfield>
    <subfield code="6">AVM_LAK_2010_000000000000000_B093_OR_1</subfield>
    <subfield code="7">0</subfield>
    <subfield code="9">10473</subfield>
    <subfield code="a">LBB</subfield>
    <subfield code="b">LBB</subfield>
    <subfield code="c">B093</subfield>
    <subfield code="d">2015-10-20</subfield>
    <subfield code="o">AVM LAK 2010 B093 Or.1</subfield>
    <subfield code="p">RUA019393</subfield>
    <subfield code="r">2015-10-20</subfield>
    <subfield code="w">2015-10-20</subfield>
    <subfield code="y">AVM</subfield>
  </datafield>
  <datafield tag="952" ind1=" " ind2=" ">
    <subfield code="0">0</subfield>
    <subfield code="1">0</subfield>
    <subfield code="2">ddc</subfield>
    <subfield code="4">0</subfield>
    <subfield code="6">AVM_LAK_2010_000000000000000_B093_OR_2</subfield>
    <subfield code="7">0</subfield>
    <subfield code="9">10474</subfield>
    <subfield code="a">LBB</subfield>
    <subfield code="b">LBB</subfield>
    <subfield code="c">B093</subfield>
    <subfield code="d">2015-10-20</subfield>
    <subfield code="l">2</subfield>
    <subfield code="o">AVM LAK 2010 B093 Or.2</subfield>
    <subfield code="p">RUA019465</subfield>
    <subfield code="r">2017-08-13</subfield>
    <subfield code="s">2017-08-02</subfield>
    <subfield code="w">2015-10-20</subfield>
    <subfield code="y">AVM</subfield>
  </datafield>
  <datafield tag="952" ind1=" " ind2=" ">
    <subfield code="0">0</subfield>
    <subfield code="1">0</subfield>
    <subfield code="2">ddc</subfield>
    <subfield code="4">0</subfield>
    <subfield code="6">AVM_LAK_2010_000000000000000_B093_OR_3</subfield>
    <subfield code="7">0</subfield>
    <subfield code="9">10475</subfield>
    <subfield code="a">LBB</subfield>
    <subfield code="b">LBB</subfield>
    <subfield code="c">B093</subfield>
    <subfield code="d">2015-10-20</subfield>
    <subfield code="l">2</subfield>
    <subfield code="o">AVM LAK 2010 B093 Or.3</subfield>
    <subfield code="p">RUA019151</subfield>
    <subfield code="r">2022-11-28</subfield>
    <subfield code="s">2022-10-31</subfield>
    <subfield code="w">2015-10-20</subfield>
    <subfield code="y">AVM</subfield>
  </datafield>
  <datafield tag="952" ind1=" " ind2=" ">
    <subfield code="0">0</subfield>
    <subfield code="1">0</subfield>
    <subfield code="2">ddc</subfield>
    <subfield code="4">0</subfield>
    <subfield code="6">AVM_LAK_2010_000000000000000_B093_OR_4</subfield>
    <subfield code="7">0</subfield>
    <subfield code="9">10476</subfield>
    <subfield code="a">LBB</subfield>
    <subfield code="b">LBB</subfield>
    <subfield code="c">B093</subfield>
    <subfield code="d">2015-10-20</subfield>
    <subfield code="o">AVM LAK 2010 B093 Or.4</subfield>
    <subfield code="p">RUA019105</subfield>
    <subfield code="r">2015-10-20</subfield>
    <subfield code="w">2015-10-20</subfield>
    <subfield code="y">AVM</subfield>
  </datafield>
  <datafield tag="952" ind1=" " ind2=" ">
    <subfield code="0">0</subfield>
    <subfield code="1">0</subfield>
    <subfield code="2">ddc</subfield>
    <subfield code="4">0</subfield>
    <subfield code="6">AVM_LAK_2010_000000000000000_B093_OR_5</subfield>
    <subfield code="7">0</subfield>
    <subfield code="9">10477</subfield>
    <subfield code="a">LBB</subfield>
    <subfield code="b">LBB</subfield>
    <subfield code="c">B093</subfield>
    <subfield code="d">2015-10-20</subfield>
    <subfield code="o">AVM LAK 2010 B093 Or.5</subfield>
    <subfield code="p">RUA019271</subfield>
    <subfield code="r">2015-10-20</subfield>
    <subfield code="w">2015-10-20</subfield>
    <subfield code="y">AVM</subfield>
  </datafield>
  <datafield tag="952" ind1=" " ind2=" ">
    <subfield code="0">0</subfield>
    <subfield code="1">0</subfield>
    <subfield code="2">ddc</subfield>
    <subfield code="4">0</subfield>
    <subfield code="6">AVM_LAK_2010_000000000000000_B093_OR_6</subfield>
    <subfield code="7">0</subfield>
    <subfield code="9">10478</subfield>
    <subfield code="a">LBB</subfield>
    <subfield code="b">LBB</subfield>
    <subfield code="c">B093</subfield>
    <subfield code="d">2015-10-20</subfield>
    <subfield code="o">AVM LAK 2010 B093 Or.6</subfield>
    <subfield code="p">RUA019199</subfield>
    <subfield code="r">2015-10-20</subfield>
    <subfield code="w">2015-10-20</subfield>
    <subfield code="y">AVM</subfield>
  </datafield>
</record>
